| 000 | 00627cam a22001457a 4500 | ||
|---|---|---|---|
| 008 | 180718b1949 xxu||||| |||| 00| 0 eng d | ||
| 082 | _aI537 In2 | ||
| 100 | _aIndia. Finalising Committee with Hindustani Shorthand and Hindi Typewriter Standardisation | ||
| 245 |
_aReport of the finalising Committee with the report of the Hindustani Shorthand and Hindi Typewiter Standardisation Committee _cby Parliament Secretariat |
||
| 260 |
_aNew Delhi _bParliament Secretariat _c1949 |
||
| 300 | _a154+p | ||
| 500 | _aChairman: Kaka Saheb Kalelkar | ||
| 700 | _aKalelkar, Kaka Saheb (Chairman) | ||
| 700 | _aIndia. Parliament Secretariat | ||
| 999 |
_c398018 _d398018 |
||